000 01078nam a2200313 i 4500
001 000010180
003 DO-SdBNP
005 20250617145439.0
007 ta
008 091005s1985 dr a 000 p spa d
040 _aDO-SdBNP
_bspa
_cBNPHU
_erda
041 _aspa
082 4 _aRD861.44
_bG984m, 1985
_222
100 1 _aGutiérrez, Mercedez Virginia,
_eautor
_4aut.
_925181
245 1 0 _aMatices /
_cMercedes Virginia Gutiérrez ; prólogo, Bonaparte Gautreax Piñeyro.
250 _aSegunda edición
264 1 _aSanto Domingo :
_bEnriquillo,
_c1985.
300 _a90 páginas :
_bilustraciones ;
_c21 cm.
336 _atexto
_btxt
_2rdacontent
337 _asin mediación
_bn
_2rdamedia
338 _avolumen
_bnc
_2rdacarrier
500 _aIncluye datos biograficos de la autor en la solapa de la contracubierta
590 _aInventariado, 2018/LP
650 4 _aPoesía dominicana
_966
650 4 _aLiteratura dominicana.
_967
700 1 _aGautreax Piñeyro, Bonaparte,
_eprologuista
_4pr.
_925182
910 _aValidado. Control de calidad MFF
942 _2ddc
_cLBS1
999 _c9939
_d9939